| 000 | 00867nam a2200241Ia 4500 | ||
|---|---|---|---|
| 001 | 19691 | ||
| 003 | DO-CoUTE | ||
| 005 | 20260204212621.0 | ||
| 008 | 220104s9999 dr 000 0 spa d | ||
| 020 | _a978-987-538-436-1 | ||
| 040 |
_aDO-CoUTE _bspa _cDO-CoUTE |
||
| 041 | 0 | _aspa | |
| 082 | _a370.15 C822o | ||
| 100 | 1 | _aCoronado, Mónica | |
| 245 | 1 | 0 | _aOrientación, tutorías y acompañamiento en Educación Superior:análisis de trayectorias estudiantiles. Los jóvenes ante sus encrucijadas / Mónica Coronado, María José Gómez Boulin |
| 260 | _aBuenos Aires, Argentina : Editorial Centro de Publicaciones Educativas y Material Didáctico | ||
| 300 | _a172 páginas | ||
| 650 | 4 | _aCiencias de la Educación | |
| 700 | 1 | _aGómez Boulin, María José | |
| 942 |
_2ddc _cBK |
||
| 999 |
_c21262 _d21262 |
||